Per la concòrdia / Francesc Cambó ; amb un comentari preliminar de Manuel Brunet
Descripción Física:
183 p., [1] f. ; 20 cm
Otros Autores:
Brunet, Manuel
Materias:
Nacionalisme -- Catalunya
MARC
| LEADER | 00000nam a2200000Ia 4500 | ||
|---|---|---|---|
| 001 | 780 | ||
| 008 | 160829s1934 xx 000 0 cat d | ||
| 080 | |a M-3-22 | ||
| 100 | 1 | |a Cambó, Francesc, |d 1876-1947 |9 26464 | |
| 245 | |a Per la concòrdia / Francesc Cambó ; amb un comentari preliminar de Manuel Brunet | ||
| 250 | |a 4a ed. | ||
| 260 | |a Barcelona : |b Catalònia, |c 1934 | ||
| 300 | |a 183 p., [1] f. ; |c 20 cm | ||
| 650 | 0 | |a Nacionalisme |z Catalunya |9 11008 | |
| 700 | 1 | |a Brunet, Manuel |9 26465 | |
| 901 | |a Arxiu | ||
| 942 | |n 1 | ||
| 952 | |0 0 |1 0 |4 0 |6 M322 |7 1 |9 43990 |a Arxiu |b Arxiu |d 2016-12-01 |l 0 |o M-3-22 |p 780 |r 2016-12-01 00:00:00 |w 2016-12-01 |y ARXIU | ||
| 999 | |c 46570 |d 46570 | ||